[Event "Superliga 2011 W"]
[Site "Brasov"]
[Date "2011.10.11"]
[Round "4.5"]
[White "Ilie, Maria-Ruxandra"]
[Black "Peptan, Corina-Isabela"]
[Result "0-1"]
[WhiteElo "2005"]
[BlackElo "2421"]
[PlyCount "140"]
[EventDate "2011.10.08"]

1. d4 Nf6 2. Nf3 c5 3. d5 b5 4. c4 bxc4 5. Nc3 d6 6. e4 Nbd7 7. Bxc4 g6 8. O-O
Bg7 9. h3 O-O 10. Be3 Rb8 11. Rb1 Ne8 12. Qe2 Nc7 13. Rfd1 Nb6 14. Nd2 Nxc4 15.
Nxc4 Ba6 16. Bd2 f5 17. b3 Bd4 18. Rf1 Qd7 19. Qd3 Rb4 20. Ne2 Bxc4 21. bxc4
fxe4 22. Qxe4 Rxc4 23. Qd3 Ra4 24. Bh6 Bg7 25. Bxg7 Kxg7 26. Qc3+ Kg8 27. Qb3
Rb4 28. Qa3 Nxd5 29. Rxb4 Nxb4 30. Qb3+ e6 31. Nd4 Nd5 32. Ne2 Qc6 33. Qc4 Nc7
34. Qh4 Qd7 35. Rc1 Nd5 36. Qe4 Qf7 37. Rf1 Nf6 38. Qc4 e5 39. Qc2 Nd5 40. Ng3
Nb4 41. Qd2 d5 42. a3 Nc6 43. Qe3 c4 44. Qc5 Nd4 45. Qd6 Re8 46. Re1 Nb5 47.
Qc5 Nc3 48. Re3 d4 49. Rxe5 Rxe5 50. Qxe5 Qd7 51. Qb8+ Kf7 52. Qf4+ Ke6 53.
Qg4+ Ke7 54. Qg5+ Kd6 55. Qf6+ Kc5 56. Qe5+ Kc6 57. Qf6+ Kb7 58. Qf3+ Qd5 59.
Qf8 Nb5 60. a4 Nc7 61. Qb4+ Kc6 62. Ne2 d3 63. Nc3 d2 64. Nd1 Qd3 65. Qb2 Qe2
66. Qc2 Nd5 67. a5 Kc5 68. Kh2 Nb4 69. Qa4 c3 70. Ne3 Qxe3 0-1

[Event "Superliga 2011 W"]
[Site "Brasov"]
[Date "2011.10.11"]
[Round "4.5"]
[White "Anusca, Madalina-Maria"]
[Black "Serbanescu, Diana-Maria"]
[Result "1-0"]
[WhiteElo "2070"]
[BlackElo "1869"]
[PlyCount "147"]
[EventDate "2011.10.08"]

1. d4 Nf6 2. c4 g6 3. Nf3 Bg7 4. g3 d6 5. Bg2 O-O 6. O-O Nbd7 7. Nc3 e5 8. e4
Re8 9. d5 Nc5 10. Ne1 a5 11. Rb1 Rf8 12. b3 Ne8 13. a3 f5 14. f3 Bd7 15. b4
axb4 16. axb4 Na4 17. Ne2 fxe4 18. fxe4 Bg4 19. Rxf8+ Bxf8 20. Bf3 Qd7 21. Be3
Nf6 22. Qc2 h6 23. Qd3 Kg7 24. Bf2 Be7 25. Rc1 Rf8 26. Bg2 Bh3 27. Nf3 Bxg2 28.
Kxg2 Qg4 29. Nd2 Nh5 30. h3 Qd7 31. Nf3 g5 32. Nh2 Nf6 33. Ra1 c5 34. b5 Nb6
35. Nc3 Nh5 36. Ng4 Kh7 37. Ne3 Ng7 38. g4 Bd8 39. Nf5 Ne8 40. Be1 Nf6 41. Ne2
Kg6 42. Neg3 Bc7 43. Bd2 Ra8 44. Rxa8 Nxa8 45. Qe3 Nh7 46. h4 Nb6 47. h5+ Kf7
48. Qf2 Ke8 49. Nxh6 Nxc4 50. Bc1 Bd8 51. Qf1 Na5 52. Ngf5 Bf6 53. Ng8 Bd8 54.
Ngh6 Bf6 55. Ng8 Bd8 56. Qd3 b6 57. Bd2 c4 58. Qa3 Nb7 59. Qb4 Qc7 60. Bc3 Kd7
61. Ne3 Na5 62. Qa4 Qc5 63. Kf3 Bf6 64. Bxa5 bxa5 65. b6+ Kc8 66. Nxc4 Kb7 67.
Nxa5+ Kxb6 68. Nc4+ Kb7 69. Qd7+ Ka8 70. Qc6+ Qxc6 71. dxc6 Kb8 72. Nxd6 Bg7
73. Ne8 Bf8 74. Ke3 1-0

[Event "Superliga 2011 W"]
[Site "Brasov"]
[Date "2011.10.12"]
[Round "5.1"]
[White "Cosma, Elena-Luminita"]
[Black "Tolgyi, Viorica"]
[Result "1-0"]
[WhiteElo "2331"]
[BlackElo "2060"]
[PlyCount "117"]
[EventDate "2011.10.08"]

1. d4 c6 2. Nf3 g6 3. g3 Bg7 4. Bg2 Nf6 5. O-O O-O 6. b3 d5 7. c4 Bf5 8. Nc3
dxc4 9. bxc4 Nbd7 10. Bb2 Nb6 11. c5 Nc4 12. Qb3 Nxb2 13. Qxb2 b5 14. cxb6 Qxb6
15. Qxb6 axb6 16. Ne5 Ra3 17. Rac1 c5 18. Nc4 Ra6 19. d5 b5 20. Nxb5 Rxa2 21.
Nc3 Rc2 22. e4 Rxc3 23. Rxc3 Nxe4 24. Re3 Nd6 25. Ne5 e6 26. Rd1 exd5 27. Bxd5
c4 28. Nxc4 Nxc4 29. Bxc4 Rc8 30. Bb3 Bh6 31. Re7 Rb8 32. Bd5 Rd8 33. Bb3 Rxd1+
34. Bxd1 Kf8 35. Ra7 Be6 36. Ra8+ Kg7 37. f4 g5 38. fxg5 Bxg5 39. Bf3 Be3+ 40.
Kg2 h6 41. Ra5 Bd2 42. Rb5 Bg5 43. Bd5 Bxd5+ 44. Rxd5 Bc1 45. Rd6 Bg5 46. Kf3
Bc1 47. Ke4 Ba3 48. Rc6 Bb2 49. Kf5 Ba3 50. Ke5 Bb2+ 51. Kd6 Ba3+ 52. Kd7 Bb4
53. Ke8 f6 54. Rc4 Bd2 55. Ke7 h5 56. Ke6 Kg6 57. Rc8 f5 58. Rg8+ Kh7 59. Rf8
1-0

[Event "Superliga 2011 W"]
[Site "Brasov"]
[Date "2011.10.12"]
[Round "5.1"]
[White "Vintila, Maria-Aurora"]
[Black "Chirita, Andra-Marina"]
[Result "1/2-1/2"]
[WhiteElo "1781"]
[BlackElo "2044"]
[PlyCount "129"]
[EventDate "2011.10.08"]

1. e4 d5 2. exd5 Qxd5 3. Nc3 Qd8 4. Nf3 Bg4 5. h3 Bxf3 6. Qxf3 c6 7. Bc4 e6 8.
d3 Nf6 9. Bg5 Nbd7 10. O-O-O Be7 11. Rhe1 O-O 12. g4 Qa5 13. Bd2 Ne5 14. Qg2
Nxc4 15. dxc4 Qc5 16. b3 b5 17. g5 Nh5 18. Qg4 g6 19. cxb5 cxb5 20. Ne4 Qc6 21.
Bc3 Rac8 22. Re2 b4 23. Bb2 a5 24. Rg1 Rfd8 25. h4 Qc7 26. Rd1 Rxd1+ 27. Kxd1
Nf4 28. Rd2 Nd5 29. h5 Nc3+ 30. Bxc3 bxc3 31. Rd3 Rd8 32. Qf3 Rxd3+ 33. Qxd3
gxh5 34. Nxc3 Bxg5 35. Ne4 Be7 36. Ke2 Qe5 37. Qg3+ Qxg3 38. fxg3 h4 39. gxh4
Bxh4 40. c4 Bd8 41. a3 f5 42. Nc5 Kf7 43. b4 axb4 44. axb4 h5 45. Kf3 h4 46.
Nd3 Bc7 47. Kg2 e5 48. Kh3 e4 49. Nc1 Bg3 50. Ne2 f4 51. c5 Ke7 52. c6 e3 53.
Nd4 Be1 54. b5 Bg3 55. b6 Kd8 56. b7 Kc7 57. Kg2 Kb8 58. Kh3 Be1 59. Nf3 Bg3
60. Nd4 Bf2 61. Kg2 Be1 62. Nf3 Bb4 63. Nxh4 Bd6 64. Kf3 Ka7 65. Ng2 1/2-1/2

[Event "Superliga 2011 W"]
[Site "Brasov"]
[Date "2011.10.12"]
[Round "5.1"]
[White "Ilie, Maria-Ruxandra"]
[Black "Mastacan, Camelia"]
[Result "1/2-1/2"]
[WhiteElo "2005"]
[BlackElo "1701"]
[PlyCount "107"]
[EventDate "2011.10.08"]

1. d4 d5 2. c4 e6 3. Nc3 Nf6 4. cxd5 exd5 5. Bg5 c6 6. Nf3 g6 7. Rc1 Bg7 8. e3
Bf5 9. Be2 Nbd7 10. O-O O-O 11. b4 Rc8 12. a4 a5 13. b5 Qb6 14. Qb3 Be6 15.
Rfd1 Rfe8 16. Qa3 Bf8 17. Qa1 Bg7 18. bxc6 bxc6 19. Rb1 Qa7 20. Bf4 Ne4 21.
Rdc1 h6 22. h3 g5 23. Bh2 f5 24. Rb3 Rf8 25. Qa3 Kh7 26. Nxe4 dxe4 27. Nxg5+
hxg5 28. Rbb1 Nf6 29. Qd6 Qd7 30. Qc5 Qd5 31. Qa3 Qa2 32. Qxa2 Bxa2 33. Rb2 Bd5
34. Ba6 Ra8 35. Bb7 Rad8 36. Bxc6 Rc8 37. Rbc2 Bxc6 38. Rxc6 Rxc6 39. Rxc6 Ra8
40. Be5 Nd5 41. Bd6 Rd8 42. g3 f4 43. exf4 gxf4 44. gxf4 Bxd4 45. Kf1 Rd7 46.
Rc4 Rxd6 47. Rxd4 e3 48. Ke1 exf2+ 49. Kxf2 Kg6 50. Rc4 Nb6 51. Rc5 Nxa4 52.
Rxa5 Rd2+ 53. Ke3 Ra2 54. Kd4 1/2-1/2

[Event "Superliga 2011 W"]
[Site "Brasov"]
[Date "2011.10.12"]
[Round "5.2"]
[White "Petrenko, Svetlana"]
[Black "Muzychuk, Anna"]
[Result "1/2-1/2"]
[WhiteElo "2223"]
[BlackElo "2545"]
[PlyCount "167"]
[EventDate "2011.10.08"]

1. e4 c5 2. Nf3 Nc6 3. d4 cxd4 4. Nxd4 Nf6 5. Nc3 e5 6. Ndb5 d6 7. a4 a6 8. Na3
Bg4 9. f3 Be6 10. Bc4 Nb4 11. O-O Rc8 12. Nd5 Nbxd5 13. exd5 Bd7 14. c3 b5 15.
Bb3 Qb6+ 16. Kh1 Be7 17. axb5 axb5 18. Nc2 Qb7 19. Be3 Ra8 20. Rxa8+ Qxa8 21.
Qd2 O-O 22. Ra1 Qc8 23. Ra7 Bd8 24. Nb4 Bc7 25. Bc2 Bb8 26. Ra1 Re8 27. Bg5 Nh5
28. g4 Nf4 29. Bxf4 exf4 30. Qxf4 Qc5 31. Qd4 g6 32. Nc6 Bxc6 33. Qxc5 dxc5 34.
dxc6 Bf4 35. Be4 Rd8 36. Ra7 b4 37. c4 Rc8 38. Bd5 Rc7 39. Ra5 Bd6 40. f4 Kg7
41. Kg2 f5 42. h3 fxg4 43. hxg4 h5 44. Kf3 hxg4+ 45. Kxg4 Kf6 46. Ra8 Re7 47.
Rd8 Bc7 48. Rf8+ Kg7 49. Rg8+ Kf6 50. b3 Bd6 51. Rf8+ Kg7 52. Ra8 Kf6 53. Ra6
Bc7 54. Ra8 Bd6 55. Kf3 Bc7 56. Rf8+ Kg7 57. Ra8 Kf6 58. Rc8 Kg7 59. Ra8 Kf6
60. Kg4 Bd6 61. Ra5 Rh7 62. Rb5 Re7 63. Rb7 Bc7 64. Ra7 Rg7 65. Ra8 Re7 66. Rc8
Bd6 67. Rf8+ Kg7 68. Rd8 Bc7 69. Rd7 Rxd7 70. cxd7 Kf6 71. Bc6 Bd8 72. Kf3 Ke6
73. Ke4 Bf6 74. Bd5+ Kxd7 75. Bf7 Ke7 76. Bxg6 Bd4 77. Kf5 Bc3 78. Bh5 Bd4 79.
Kg6 Bc3 80. f5 Bd4 81. Bf3 Bc3 82. Bd5 Bd4 83. Kg5 Bc3 84. Kf4 1/2-1/2

[Event "Superliga 2011 W"]
[Site "Brasov"]
[Date "2011.10.12"]
[Round "5.2"]
[White "Peptan, Corina-Isabela"]
[Black "Ionica, Iulia-Ionela"]
[Result "1-0"]
[WhiteElo "2421"]
[BlackElo "2244"]
[PlyCount "145"]
[EventDate "2011.10.08"]

1. e4 c5 2. Nf3 e6 3. Nc3 a6 4. d4 cxd4 5. Nxd4 d6 6. Be2 Nf6 7. O-O Be7 8. Qd3
O-O 9. Qg3 Bd7 10. Bh6 Ne8 11. Be3 Nc6 12. f4 b5 13. a3 Bh4 14. Qf3 Nxd4 15.
Bxd4 Bc6 16. Rad1 Bf6 17. Qe3 Bxd4 18. Qxd4 Qc7 19. Kh1 Qb7 20. Bf3 Rc8 21. e5
Bxf3 22. Rxf3 dxe5 23. fxe5 Rc4 24. Qe3 b4 25. axb4 Qxb4 26. b3 Rc5 27. Rg3 Qa5
28. Re1 Kh8 29. h3 Nc7 30. Qg5 Rg8 31. b4 Qxb4 32. Rb1 h6 33. Rxb4 hxg5 34.
Rxg5 g6 35. Ne4 Rxc2 36. Nf6 Rd8 37. Rh4+ Kg7 38. Rh7+ Kf8 39. h4 Nd5 40. h5
gxh5 41. Rgg7 Rc7 42. Kh2 Ra7 43. Ne4 Ne3 44. Ng5 Ng4+ 45. Kg3 Rd3+ 46. Kh4
Nxe5 47. Nxe6+ Ke7 48. Nf4 Rd4 49. Kg5 Kd6 50. Rh6+ Ke7 51. Kf5 Nd3 52. Nxh5 a5
53. Rxf7+ Kxf7 54. Rh7+ Kf8 55. Rxa7 Rd5+ 56. Kf6 Rd6+ 57. Kg5 Rd5+ 58. Kh6 Ne5
59. Nf6 Rb5 60. g4 Nf7+ 61. Kh7 Rg5 62. Ra8+ Ke7 63. Ng8+ Kd7 64. Ra7+ Ke8 65.
Ra8+ Kd7 66. Nf6+ Ke7 67. Ng8+ Kd7 68. Ra6 Ke8 69. Ra7 Nd6 70. Nf6+ Kf8 71. Kh6
Rb5 72. Kg6 Nc4 73. Rf7# 1-0

[Event "Superliga 2011 W"]
[Site "Brasov"]
[Date "2011.10.12"]
[Round "5.2"]
[White "Bratu, Andreea"]
[Black "Anusca, Madalina-Maria"]
[Result "1/2-1/2"]
[WhiteElo "1802"]
[BlackElo "2070"]
[PlyCount "109"]
[EventDate "2011.10.08"]

1. e4 c5 2. Nf3 g6 3. c4 Nc6 4. d4 cxd4 5. Nxd4 Nf6 6. Nc3 Nxd4 7. Qxd4 d6 8.
Be2 Bg7 9. Bg5 O-O 10. Qd2 a5 11. O-O a4 12. Rac1 Qa5 13. b3 axb3 14. axb3 Qb4
15. Rb1 Ra3 16. Qc2 Bd7 17. Nd5 Nxd5 18. exd5 Rfa8 19. Bd2 Qc5 20. Bd3 Ra2 21.
Qd1 b5 22. Rc1 bxc4 23. Bxc4 Bb2 24. b4 Qd4 25. Bxa2 Bxc1 26. Qxc1 Rxa2 27. Bc3
Qxd5 28. Rd1 Qf5 29. Qe3 Qg4 30. Rd2 Bc6 31. g3 Qc4 32. Rxa2 Qxa2 33. Qd2 Qxd2
34. Bxd2 f5 35. f4 Kf7 36. Kf2 Ke6 37. Bc3 Kd5 38. Ke3 Kc4 39. Be1 e6 40. Bd2
Bb5 41. Bc1 Kc3 42. Bd2+ Kc2 43. Be1 h6 44. h4 e5 45. fxe5 dxe5 46. Bf2 g5 47.
hxg5 hxg5 48. g4 fxg4 49. Ke4 Kd2 50. Kxe5 Ke2 51. Bc5 Kf3 52. Kf5 g3 53. Kxg5
g2 54. Kf6 Ke2 55. Kf5 1/2-1/2

[Event "Superliga 2011 W"]
[Site "Brasov/Rumania"]
[Date "2011.10.12"]
[Round "5.3"]
[White "Cramling, Pia"]
[Black "L'Ami, Alina"]
[Result "1-0"]
[WhiteElo "2489"]
[BlackElo "2368"]
[PlyCount "133"]
[EventDate "2011.??.??"]
[TimeControl "40/5400+30:1800+30"]

1. d4 Nf6 2. c4 g6 3. Nc3 Bg7 4. e4 d6 5. Nf3 O-O 6. h3 Na6 7. Bg5 Qe8 8. g4 e5
9. d5 Nc5 10. Nd2 a5 11. Be2 c6 12. h4 Bd7 13. Be3 cxd5 14. exd5 e4 15. g5 Nh5
16. Bxc5 dxc5 17. Ndxe4 Bd4 18. Qd2 f5 19. Nd6 Qe5 20. Ndb5 f4 21. f3 Ng3 22.
Rh2 Bg1 23. Rg2 Be3 24. Qc2 Bh3 25. Rh2 Bf5 26. Qd1 Rae8 27. d6 Bd4 28. Qd2 Be6
29. Qd3 Bf5 30. Qd2 Bd7 31. Rd1 Bc6 32. Nxd4 cxd4 33. Qxd4 Bxf3 34. d7 Bxe2 35.
dxe8=Q Qxe8 36. Nxe2 f3 37. Rd2 Nf1 38. Rf2 Nxd2 39. Kxd2 fxe2 40. Qd5+ Kh8 41.
Rxe2 Qb8 42. Qe5+ Qxe5 43. Rxe5 Rf4 44. Kd3 Rxh4 45. Re8+ Kg7 46. Re7+ Kf8 47.
Rxb7 Rg4 48. Rxh7 Rxg5 49. Ra7 Rg2 50. Kc3 Rg3+ 51. Kc2 Rg2+ 52. Kb3 Rg5 53.
Ka4 Rc5 54. Rxa5 Rxc4+ 55. b4 Ke7 56. Rg5 Kf6 57. Rg2 g5 58. Ka5 g4 59. b5 Ke7
60. Rd2 g3 61. b6 Rg4 62. b7 Rg8 63. a4 Rf8 64. Ka6 g2 65. Rxg2 Kd7 66. Ka7 Rf4
67. a5 1-0

[Event "Superliga 2011 W"]
[Site "Brasov/Rumania"]
[Date "2011.10.12"]
[Round "5.3"]
[White "Bulmaga, Irina"]
[Black "Foisor, Cristina-Adela"]
[Result "1-0"]
[WhiteElo "2304"]
[BlackElo "2416"]
[PlyCount "125"]
[EventDate "2011.??.??"]
[TimeControl "40/5400+30:1800+30"]

1. e4 c6 2. d4 d5 3. Nc3 dxe4 4. Nxe4 Bf5 5. Ng3 Bg6 6. h4 h6 7. Nf3 Nd7 8. h5
Bh7 9. Bd3 Bxd3 10. Qxd3 Ngf6 11. Bf4 Qa5+ 12. Bd2 Qc7 13. O-O-O e6 14. Ne4
O-O-O 15. g3 Nc5 16. Nxc5 Bxc5 17. Rh4 Bd6 18. Qe2 Rhe8 19. c4 Qe7 20. Ba5 Bc7
21. Bc3 Rd7 22. a3 Nh7 23. Bb4 Qd8 24. Rhh1 f6 25. Qe4 Ng5 26. Nxg5 fxg5 27.
Qg6 a5 28. Bc3 Rde7 29. d5 exd5 30. cxd5 cxd5 31. Qf5+ Qd7 32. Rxd5 Qxf5 33.
Rxf5 b6 34. Rd1 Be5 35. Bxe5 Rxe5 36. Rxe5 Rxe5 37. Rd6 Kc7 38. Rg6 Re7 39. Kd2
Kb7 40. a4 Rf7 41. Ke3 Ka6 42. f4 gxf4+ 43. gxf4 Rf5 44. Rxg7 Rxh5 45. Ke4 Rh2
46. f5 Rxb2 47. f6 Rf2 48. Ke5 Re2+ 49. Kd6 Rf2 50. f7 b5 51. Ke7 Re2+ 52. Kd8
Rf2 53. Rg6+ Kb7 54. Ke7 Rxf7+ 55. Kxf7 bxa4 56. Ke6 Kc6 57. Ke5+ Kc5 58. Ke4
Kc4 59. Rc6+ Kb3 60. Kd3 a3 61. Rb6+ Ka2 62. Kc2 a4 63. Rxh6 1-0

[Event "Superliga 2011 W"]
[Site "Brasov/Rumania"]
[Date "2011.10.12"]
[Round "5.3"]
[White "Foisor, Mihaela-Veronica"]
[Black "Padurariu, Ioana-Smaranda"]
[Result "0-1"]
[WhiteElo "2205"]
[BlackElo "2211"]
[PlyCount "80"]
[EventDate "2011.??.??"]
[TimeControl "40/5400+30:1800+30"]

1. Nf3 Nf6 2. c4 e6 3. Nc3 c5 4. e3 d5 5. d4 Nc6 6. a3 a6 7. dxc5 Bxc5 8. b4
Be7 9. Bb2 dxc4 10. Bxc4 O-O 11. O-O b5 12. Ba2 Qxd1 13. Rfxd1 Bb7 14. Ne1 Rfd8
15. Nd3 Nd7 16. f3 Rac8 17. Ne4 a5 18. Ndc5 Nxc5 19. bxc5 Ba6 20. Nd6 Rb8 21.
Bb3 Rd7 22. e4 Rc7 23. f4 a4 24. Ba2 b4 25. Rac1 b3 26. Bb1 f6 27. Bd3 Bxd3 28.
Rxd3 Rd8 29. Rc4 Na5 30. Rxa4 Rxc5 31. e5 Bxd6 32. Rxd6 Rb8 33. Rd7 Nc6 34.
exf6 gxf6 35. Ra6 Rc2 36. h3 Rxb2 37. Rxc6 Rc2 38. Rxe6 b2 39. Ree7 b1=Q+ 40.
Kh2 Ra2 0-1

[Event "Superliga 2011 W"]
[Site "Brasov"]
[Date "2011.10.12"]
[Round "5.4"]
[White "Baciu, Anca-Otilia"]
[Black "Melia, Salome"]
[Result "0-1"]
[WhiteElo "2130"]
[BlackElo "2396"]
[PlyCount "42"]
[EventDate "2011.10.08"]

1. e4 c5 2. Nf3 g6 3. c4 Bg7 4. d4 cxd4 5. Nxd4 Nc6 6. Be3 Nf6 7. Nc3 d6 8. f3
O-O 9. Qd2 Re8 10. Be2 e6 11. Ndb5 d5 12. cxd5 exd5 13. exd5 Nb4 14. Bc5 Nfxd5
15. Nxd5 Nxd5 16. Nd6 Re5 17. O-O Ne7 18. Ba3 Nf5 19. Bc4 Be6 20. Rfe1 Qb6+ 21.
Kh1 Ng3+ 0-1

[Event "Superliga 2011 W"]
[Site "Brasov"]
[Date "2011.10.12"]
[Round "5.4"]
[White "Plass, Mariana-Camelia"]
[Black "Duminica, Mariana"]
[Result "1-0"]
[WhiteElo "2151"]
[BlackElo "2001"]
[PlyCount "79"]
[EventDate "2011.10.08"]

1. d4 d6 2. Nf3 Bg4 3. c4 Nc6 4. d5 Ne5 5. Nxe5 dxe5 6. Qb3 Qc8 7. e4 Nf6 8.
Bd3 Bd7 9. Qc3 g6 10. Qxe5 Bg7 11. Nc3 O-O 12. Qg5 Ng4 13. O-O f5 14. exf5 Ne5
15. Be2 Bxf5 16. Qxe7 Bf6 17. Qa3 Nd3 18. Be3 Re8 19. Nd1 Ne5 20. Bf4 Qd7 21.
Ne3 g5 22. Bg3 Bg6 23. Rad1 h5 24. c5 g4 25. Nc4 Nf7 26. Bd3 Be4 27. d6 c6 28.
Rde1 Bd5 29. Ne3 Be6 30. f4 gxf3 31. Rxf3 Bd4 32. Qb4 Bg7 33. Nf5 Ng5 34. Rfe3
Bf6 35. h4 Nf7 36. Qf4 Bxb2 37. Ne7+ Rxe7 38. dxe7 Bd4 39. Qe4 Qxe7 40. Qxd4
1-0

[Event "Superliga 2011 W"]
[Site "Brasov"]
[Date "2011.10.12"]
[Round "5.4"]
[White "Vasilescu, Maria"]
[Black "Taposu-Matei, Alexandra"]
[Result "0-1"]
[WhiteElo "1814"]
[BlackElo "1788"]
[PlyCount "80"]
[EventDate "2011.10.08"]

1. e4 c5 2. Nc3 d6 3. g3 Nc6 4. Bg2 e6 5. d3 g6 6. f4 Bg7 7. Nf3 Nge7 8. Be3
O-O 9. O-O a6 10. e5 b6 11. exd6 Qxd6 12. Ne4 Qc7 13. c3 Bb7 14. Qe2 Rad8 15.
Rad1 Rd7 16. Ne5 Nxe5 17. fxe5 Bxe5 18. Bf4 Bxe4 19. Qxe4 Bxf4 20. Rxf4 Rfd8
21. Bh3 Qc6 22. Qe5 Qd6 23. Qg5 Nc6 24. Rh4 Qe5 25. Qh6 Qg7 26. Qe3 Ne5 27. d4
Nc6 28. Qf3 Rd6 29. Rf1 cxd4 30. Rf4 f5 31. cxd4 Nxd4 32. Qe3 Nb5 33. R4f2 Qd4
34. Qg5 Qg7 35. Qe3 Nc7 36. Rc2 Nd5 37. Qf2 b5 38. Rfc1 Nb4 39. Rc7 Qe5 40. Re1
Rd1 0-1

[Event "Superliga 2011 W"]
[Site "Brasov"]
[Date "2011.10.12"]
[Round "5.5"]
[White "Jicman, Ligia-Letitia"]
[Black "Sandu, Mihaela"]
[Result "0-1"]
[WhiteElo "2187"]
[BlackElo "2221"]
[PlyCount "38"]
[EventDate "2011.10.08"]

1. e4 c5 2. c3 Nf6 3. e5 Nd5 4. d4 cxd4 5. Nf3 e6 6. cxd4 d6 7. a3 Bd7 8. Bd3
Bc6 9. O-O Nd7 10. Nbd2 dxe5 11. dxe5 Nc5 12. Ne4 Nxd3 13. Qxd3 Nf4 14. Qc4 Qd3
15. Nf6+ gxf6 16. Qxf4 Rg8 17. Nh4 fxe5 18. Qe3 Qc4 19. Nf3 Rxg2+ 0-1

[Event "Superliga 2011 W"]
[Site "Brasov"]
[Date "2011.10.12"]
[Round "5.5"]
[White "Visanescu, Daria-Ioana"]
[Black "Craciun, Paula-Iulia"]
[Result "1-0"]
[WhiteElo "2010"]
[BlackElo "2138"]
[PlyCount "45"]
[EventDate "2011.10.08"]

1. e4 Nf6 2. Nc3 d5 3. e5 Nfd7 4. d4 e6 5. f4 c5 6. Be3 Nc6 7. Nf3 a6 8. Qd2
Be7 9. Be2 Qc7 10. O-O b5 11. a3 Bb7 12. Rad1 O-O-O 13. Na2 cxd4 14. Nxd4 g5
15. Bxb5 axb5 16. Nxb5 Qa5 17. Na7+ Kc7 18. b4 Bxb4 19. axb4 Qxa2 20. Nb5+ Kb8
21. Ra1 Qc4 22. Nd6 Qxb4 23. Rfb1 1-0

[Event "Superliga 2011 W"]
[Site "Brasov"]
[Date "2011.10.12"]
[Round "5.5"]
[White "Lolici, Iselin-Amanda"]
[Black "Mathe, Katalin"]
[Result "1-0"]
[WhiteElo "1982"]
[BlackElo "2010"]
[PlyCount "73"]
[EventDate "2011.10.08"]

1. c4 e5 2. g3 Nf6 3. Bg2 c6 4. Nc3 d5 5. cxd5 cxd5 6. d3 Nc6 7. Bd2 Bc5 8. Na4
Bd6 9. Nf3 h6 10. O-O O-O 11. Rc1 Qe7 12. a3 Bg4 13. h3 Be6 14. b4 e4 15. Ne1
Rad8 16. Nc5 Bf5 17. Bf4 Bxf4 18. gxf4 e3 19. fxe3 Qxe3+ 20. Kh2 Nd4 21. Nc2
Nxc2 22. Qxc2 b6 23. Rf3 Qe7 24. Nb3 d4 25. Qb2 Bg6 26. Nxd4 Qd7 27. Nc6 Qd6
28. Nxd8 Rxd8 29. Qe5 Qd7 30. Rc7 Qa4 31. Rg3 Kh8 32. Qc3 Qe8 33. e4 Kh7 34. f5
Bh5 35. e5 Nd5 36. Bxd5 Rxd5 37. e6 1-0

[Event "Superliga 2011 W"]
[Site "Brasov"]
[Date "2011.10.13"]
[Round "6.1"]
[White "Tolgyi, Viorica"]
[Black "Sandu, Mihaela"]
[Result "1/2-1/2"]
[WhiteElo "2060"]
[BlackElo "2221"]
[PlyCount "62"]
[EventDate "2011.10.08"]

1. d4 Nf6 2. c4 c5 3. e3 g6 4. Nc3 Bg7 5. Nf3 O-O 6. Bd3 cxd4 7. exd4 d5 8.
cxd5 Nxd5 9. O-O Nc6 10. Be3 Bg4 11. h3 Nxe3 12. fxe3 Bd7 13. a3 e5 14. d5 Na5
15. b4 Rc8 16. Ne4 Nc4 17. Bxc4 Rxc4 18. Nd6 Rc3 19. Nxb7 Qc7 20. Nc5 e4 21.
Nd4 Rxe3 22. Ra2 Rd8 23. Nc2 Rxh3 24. d6 Qb6 25. gxh3 Be6 26. Ra1 Rxd6 27. Qe2
Bxa1 28. Rxa1 Bxh3 29. Qxe4 Qd8 30. Re1 Be6 31. Qf4 Bf5 1/2-1/2

[Event "Superliga 2011 W"]
[Site "Brasov"]
[Date "2011.10.13"]
[Round "6.1"]
[White "Visanescu, Daria-Ioana"]
[Black "Vintila, Maria-Aurora"]
[Result "1/2-1/2"]
[WhiteElo "2010"]
[BlackElo "1781"]
[PlyCount "101"]
[EventDate "2011.10.08"]

1. e4 c5 2. c3 d6 3. d4 cxd4 4. cxd4 e5 5. Nf3 Nd7 6. Bc4 Be7 7. Qb3 Qb6 8.
Bxf7+ Kf8 9. Qxb6 Nxb6 10. Bxg8 Rxg8 11. dxe5 dxe5 12. Nxe5 Bf6 13. Nd3 Be6 14.
e5 Be7 15. Nc3 Bc4 16. Nf4 Nd7 17. e6 Nc5 18. Be3 Nxe6 19. Nxe6+ Bxe6 20. O-O
a6 21. Rad1 Kf7 22. Rfe1 Rgd8 23. Bb6 Rxd1 24. Rxd1 Rc8 25. h3 Rc6 26. Be3 h6
27. Bf4 Bf6 28. Ne4 Kg6 29. b3 Kf5 30. Nxf6 Kxf6 31. Rd2 Bf5 32. a3 Rc1+ 33.
Kh2 Rc2 34. Rd6+ Be6 35. Be3 Rc7 36. b4 Rc6 37. Rd3 Rc7 38. g4 Rd7 39. Bd4+ Kg6
40. Kg3 Bc4 41. Rd2 Bb5 42. f4 Kf7 43. f5 Bc6 44. h4 Bb5 45. Kf4 Bc6 46. g5
hxg5+ 47. hxg5 g6 48. f6 Rd5 49. Rd3 Rf5+ 50. Kg4 Rd5 51. Rd2 1/2-1/2

[Event "Superliga 2011 W"]
[Site "Brasov"]
[Date "2011.10.13"]
[Round "6.1"]
[White "Mastacan, Camelia"]
[Black "Mathe, Katalin"]
[Result "0-1"]
[WhiteElo "1701"]
[BlackElo "2010"]
[PlyCount "94"]
[EventDate "2011.10.08"]

1. e4 g6 2. Nf3 c5 3. c3 Nc6 4. d3 d6 5. Be2 Bg7 6. Na3 Nf6 7. Nc4 a6 8. a4 Be6
9. Nfd2 b5 10. axb5 axb5 11. Rxa8 Qxa8 12. Na3 b4 13. Nc2 bxc3 14. bxc3 Nd7 15.
c4 O-O 16. O-O Qa4 17. Ne3 Qxd1 18. Rxd1 Nd4 19. Kf1 Ra8 20. Nd5 Bxd5 21. exd5
Ra2 22. f4 Nb6 23. Kf2 Na4 24. Rf1 Rc2 25. Bd1 Rxc1 26. Bxa4 Rc3 27. Ke3 Ra3
28. Bd1 Nf5+ 29. Ke2 Ra2 30. Bb3 Rb2 31. Rb1 Rxb1 32. Nxb1 Nd4+ 33. Ke3 Nxb3
34. Na3 Nd4 35. g3 Kf8 36. Nb1 e6 37. dxe6 fxe6 38. Nd2 d5 39. cxd5 exd5 40. g4
Ke7 41. h4 Ke6 42. Kf2 Bf8 43. Ke3 Be7 44. h5 gxh5 45. g5 Kf5 46. Nf1 Bd6 47.
Ng3+ Kg4 0-1

[Event "Superliga 2011 W"]
[Site "Brasov"]
[Date "2011.10.13"]
[Round "6.2"]
[White "Melia, Salome"]
[Black "Jicman, Ligia-Letitia"]
[Result "1-0"]
[WhiteElo "2396"]
[BlackElo "2187"]
[PlyCount "105"]
[EventDate "2011.10.08"]

1. e4 c5 2. Nf3 Nc6 3. Bb5 g6 4. O-O Bg7 5. Re1 Nd4 6. Nxd4 cxd4 7. c3 a6 8.
Ba4 e6 9. cxd4 Bxd4 10. d3 Ne7 11. Nc3 b5 12. Bb3 b4 13. Ne2 Bg7 14. d4 O-O 15.
d5 exd5 16. Bxd5 Nxd5 17. Qxd5 Rb8 18. Bf4 Rb5 19. Qd2 Qf6 20. Bd6 Re8 21. e5
Qe6 22. Nf4 Qc4 23. b3 Qc3 24. Qxc3 bxc3 25. Ne2 c2 26. Nd4 Rd5 27. Nxc2 Bxe5
28. Bxe5 Rdxe5 29. Rxe5 Rxe5 30. Re1 Rc5 31. Re2 Bb7 32. f3 Bc6 33. Kf2 Kg7 34.
Ne3 Rc1 35. Rc2 Rb1 36. Nc4 Kf6 37. Ke3 Bb5 38. Nd2 Rg1 39. Ne4+ Ke7 40. Kd4 f5
41. Nc3 Bc6 42. Kc5 Re1 43. Re2+ Rxe2 44. Nxe2 Bb5 45. Nd4 Bd3 46. f4 h6 47. h4
Kf6 48. Kd6 Be4 49. g3 g5 50. h5 gxf4 51. gxf4 Bg2 52. b4 Bh3 53. a4 1-0

[Event "Superliga 2011 W"]
[Site "Brasov"]
[Date "2011.10.13"]
[Round "6.2"]
[White "Craciun, Paula-Iulia"]
[Black "Plass, Mariana-Camelia"]
[Result "1-0"]
[WhiteElo "2138"]
[BlackElo "2151"]
[PlyCount "41"]
[EventDate "2011.10.08"]

1. e4 c5 2. Nf3 d6 3. Bb5+ Nd7 4. c3 Ngf6 5. Qe2 a6 6. Ba4 Qc7 7. d3 b5 8. Bb3
e6 9. Nbd2 Be7 10. Nf1 Bb7 11. Ng3 O-O 12. O-O Ne5 13. Nd2 Nc6 14. f4 Na5 15.
Bc2 Nd7 16. Nf3 e5 17. Nf5 Bf6 18. Ng5 g6 19. Nh6+ Kg7 20. Nhxf7 Rxf7 21. Ne6+
1-0

[Event "Superliga 2011 W"]
[Site "Brasov"]
[Date "2011.10.13"]
[Round "6.2"]
[White "Taposu-Matei, Alexandra"]
[Black "Lolici, Iselin-Amanda"]
[Result "0-1"]
[WhiteElo "1788"]
[BlackElo "1982"]
[PlyCount "54"]
[EventDate "2011.10.08"]

1. d4 d5 2. Nf3 Nf6 3. c4 dxc4 4. Nc3 Bf5 5. Bf4 c6 6. a4 e6 7. e3 Bb4 8. Bxc4
Nd5 9. Bxd5 cxd5 10. O-O O-O 11. Qb3 Nc6 12. Ne5 Qe7 13. Nxc6 bxc6 14. Rfc1 Bd6
15. Bxd6 Qxd6 16. Na2 Rab8 17. Qc3 a5 18. Qxc6 Qxc6 19. Rxc6 Rxb2 20. Ra6 Rc8
21. Rxa5 Rxa2 22. Rd1 h6 23. h3 Rcc2 24. Rf1 Bd3 25. Rd1 Bc4 26. Ra8+ Kh7 27.
a5 Rxf2 0-1

[Event "Superliga 2011 W"]
[Site "Brasov"]
[Date "2011.10.13"]
[Round "6.3"]
[White "L'ami, Alina"]
[Black "Baciu, Anca-Otilia"]
[Result "1-0"]
[WhiteElo "2368"]
[BlackElo "2130"]
[PlyCount "51"]
[EventDate "2011.10.08"]

1. d4 Nf6 2. c4 e6 3. Nc3 Bb4 4. Qc2 c5 5. dxc5 O-O 6. a3 Bxc5 7. Nf3 Be7 8.
Bf4 b6 9. Rd1 Bb7 10. e4 a6 11. Bd3 g6 12. h4 h5 13. e5 Ne8 14. Rh3 Kh7 15. Rg3
Rg8 16. Ng5+ Bxg5 17. Rxg5 f5 18. exf6 Nxf6 19. Bxg6+ Kh8 20. Be5 Rg7 21. Bxh5
Nc6 22. Bxf6 Qxf6 23. Ne4 Qe7 24. Nd6 Nd8 25. Qc3 Rb8 26. Ne8 1-0